| 000 | 00777nam a2200217 4500 | ||
|---|---|---|---|
| 008 | 250407b |||||||| |||| 00| 0 eng d | ||
| 020 | _a 9781000996111 | ||
| 020 | _a9781032321585 | ||
| 020 | _a 1000996050 | ||
| 050 |
_aGC 112 _b .P36 2024 |
||
| 245 |
_aAquatic Environment Management / _cedited by Pramod Kumar Pandey and Amit Pande. |
||
| 260 |
_aBoca Raton : _bCRC Press _c2024. |
||
| 300 |
_axix, 375 pages : _billustrations ; _c23 cm. |
||
| 504 | _aIncludes bibliographical references and index. | ||
| 650 | _aAquatic ecology | ||
| 650 | _aRemote sensing in aquatic environments. | ||
| 650 | _aEnvironnement Surveillance | ||
| 700 |
_aPandey, Pramod Kumar, _eeditor. |
||
| 700 |
_aPande, Amit, _eeditor. |
||
| 942 |
_2lcc _hGC112 .P36 2024 _cBOOKS |
||
| 999 |
_c32228 _d32228 |
||